| 000 | 00693nam a22001697a 4500 | ||
|---|---|---|---|
| 005 | 20260131114640.0 | ||
| 008 | 241018b |||||||| |||| 00| 0 eng d | ||
| 082 |
_a658:007 _bSEB/E T |
||
| 100 | _aSebastian Joy Panattil | ||
| 245 | _aExamining the role of game elements in fostering affective commitment through a gameful experience in a gamified geographic information system | ||
| 260 |
_bSchool of Management Studies, CUSAT _aKochi. _c2024. |
||
| 300 | _a383p. | ||
| 653 | _aManagement Information Systems-Gamified Geographic Information System | ||
| 700 | _aGuided by Manu Melwin Joy | ||
| 856 |
_yhttp://hdl.handle.net/10603/611796 _uhttp://hdl.handle.net/10603/611796 |
||
| 942 | _cOO | ||
| 999 |
_c113868 _d113867 |
||